LEADER 01083nam a2200265 a 4500 001 000000042615 003 CaOOAMICUS 005 20130904133811.0 008 990304m1928 gw u000 u lat u 035 $a10816253 040 $aPUL(R)$bita 130 0 $aCorpus iuris civilis.$0(OLS)http://pul/title/21481 245 10$aCorpus iuris civilis. 250 $aEditio stereotypa decima. 260 $aBerolini :$bapud Weidmannos,$c1928- 300 $a<3> v. ;$c28 cm 505 1 $av. 1. Institutiones recognovit Paulus Krueger. 700 1 $aSchöll, Rudolf,$d1844-1893.$0(OLS)http://pul/name/13975 700 1 $aKrüger, Paul,$d1840-1926.$0(OLS)http://pul/name/6126 850 $aPUL 852 $aPUL$W1$xDP2 Diritto e Scienze Sociali 1$y65$m185 D 20$j57551$nBK-PRI$av. 2$qStampati$B57551$CPULBib$Z2$F57551 $H4650 $82 941 1 $a8 961 $aTimbro: Bibliotheca Pontificium Institutum Utriusque Iuris. 996 $6245$aCorpus iuris civilis$9(OLS)http://pul/title/21481 996 $6260$aBerolini :$bapud Weidmannos$9(OLS)http://pul/publisher/48438 LEADER 01679nam a2200337 a 4500 001 000000174026 003 CaOOAMICUS 005 20201210170709.0 008 201210s2020 it df u000 u ita r 020 $a978-88-343-3997-8* 032 $aLibriCat 040 $aPUL$bita 100 1 $aTaccolini, Mario,$d1950-$0(OLS)http://pul/name/34551 245 12$aI percorsi del moderno : società, istituzioni, cattolicesimo in Europa tra età moderna ed età contemporanea :$braccolta di scritti / $cMario Taccolini. 260 $aMilano :$bVita e pensiero,$c©2020. 300 $aXIII, 356 p. ;$bgraf., tav.;$c22 cm 490 1 $aRicerche. Storia 600 04$aTaccolini, Mario.$0(OLS)http://pul/subject/46361 650 4$aCattolicesimo$zEuropa$ysec. XVII-XX.$0(OLS)http://pul/subject/46362 650 4$aMovimento cattolico$xStoria.$0(OLS)http://pul/subject/14155 710 2 $aUniversità cattolica del Sacro Cuore. Sede di Milano.$0(OLS)http://pul/name/534 830 0$aRicerche (Vita e Pensiero).$pStoria.$0(OLS)http://pul/title/174438 850 $aPUL 852 $aPUL$W1$xDP1 Cons. Gen., Altre Classi 1$y22$m389 C 90$j198294$qStampati$B202918$CPULBib$Z2$F202918 $H134607 $82 941 1 $a8 983 0$aStoria.$pRicerche (Vita e pensiero) 983 0$aV & P. Storia. Ricerche. 996 $6020$a978-88-343-3997-8*$9(OLS)http://pul/number/167906 996 $6245$aI percorsi del moderno : società, istituzioni, cattolicesimo in Europa tra età moderna ed età contemporanea :$braccolta di scritti / $9(OLS)http://pul/title/215248 996 $6260$aMilano :$bVita e pensiero$9(OLS)http://pul/publisher/48016